[Event "SCO-ch"]
[Site "Edinburgh"]
[Date "2009.07.14"]
[Round "4"]
[White "Giulian Jackson, Rosemary"]
[Black "Thomson, Craig SM"]
[Result "0-1"]
[WhiteElo "2011"]
[BlackElo "2320"]
[PlyCount "74"]
[EventDate "2009.07.11"]
[EventType "swiss"]
[EventRounds "9"]
[EventCountry "SCO"]
[SourceTitle "CBM 131 Extra"]
[Source "ChessBase"]
[SourceDate "2009.09.03"]
[SourceVersion "2"]
[SourceVersionDate "2009.09.16"]
[SourceQuality "1"]

1. e4 c6 2. d4 d5 3. e5 Bf5 4. h4 h6 5. Bd3 Bxd3 6. Qxd3 e6 7. Nf3 Nd7 8. 0-0 Ne7 9. c4 dxc4 10. Qxc4 Nb6 11. Qe2 Nf5 12. Qe4 Qd7 13. g4 Ne7 14. Nc3 h5 15. g5 Nf5 16. Be3 Rd8 17. Rad1 Nd5 18. Ne2 Be7 19. a3 a5 20. Rd3 g6 21. Rc1 Qc7 22. Rd2 Qb6 23. Rdc2 Rd7 24. Nf4 Nxf4 25. Qxf4 Rd5 26. Qe4 0-0 27. Rd2 Rfd8 28. Rc4 Qb5 29. Qc2 R5d7 30. Rd3 Qd5 31. Bd2 c5 32. Bxa5 b5 33. Rcc3 c4 34. Rd2 Ra8 35. Bb6 b4 36. Rxc4 Qxf3 37. Rc8+ Kg7 0-1

[Event "Edinburgh op"]
[Site "Edinburgh"]
[Date "1989.04.01"]
[Round "9"]
[White "Thomson, Craig SM"]
[Black "Tozer, Richard"]
[Result "1-0"]
[WhiteElo "2345"]
[BlackElo "2305"]
[PlyCount "99"]
[EventDate "1989.03.24"]
[EventType "swiss"]
[EventRounds "9"]
[EventCountry "SCO"]
[SourceTitle "EXT 2003"]
[Source "ChessBase"]
[SourceDate "2002.11.25"]
[SourceVersion "1"]
[SourceVersionDate "2002.11.25"]
[SourceQuality "1"]

1. e4 c5 2. Nf3 Nc6 3. d4 cxd4 4. Nxd4 Nf6 5. Nc3 e6 6. Ndb5 d6 7. Bf4 e5 8. Bg5 a6 9. Na3 b5 10. Nd5 Be7 11. Bxf6 Bxf6 12. c3 0-0 13. Nc2 Rb8 14. Be2 Bg5 15. 0-0 Be6 16. a4 bxa4 17. Ndb4 Nxb4 18. Nxb4 Bb3 19. Qd3 Qd7 20. Qxa6 Bd8 21. Bd1 Bb6 22. Bxb3 axb3 23. Qc4 Kh8 24. Qxb3 f5 25. exf5 Qxf5 26. Qc2 Qe6 27. Qe4 Qb3 28. Qc2 Qe6 29. Qd2 Rf7 30. Nd5 Ba7 31. Ra6 h6 32. b4 Rbf8 33. Ne3 e4 34. Raa1 Qg6 35. Rad1 Qg5 36. Rde1 Rf6 37. Qe2 h5 38. Kh1 d5 39. h3 Bb8 40. Rd1 Qe5 41. g3 Rf3 42. h4 Ba7 43. Rxd5 Rxe3 44. Qa2 Qe8 45. Qxa7 Rxg3 46. fxg3 Rxf1+ 47. Kg2 Rf8 48. Qc5 g6 49. Qd4+ Kg8 50. Rd7 1-0

[Event "Edinburgh op"]
[Site "Edinburgh"]
[Date "1989.03.25"]
[Round "2"]
[White "Thomson, Craig SM"]
[Black "Condie, Mark L"]
[Result "1/2-1/2"]
[WhiteElo "2345"]
[BlackElo "2450"]
[PlyCount "35"]
[EventDate "1989.03.24"]
[EventType "swiss"]
[EventRounds "9"]
[EventCountry "SCO"]
[SourceTitle "EXT 2003"]
[Source "ChessBase"]
[SourceDate "2002.11.25"]
[SourceVersion "1"]
[SourceVersionDate "2002.11.25"]
[SourceQuality "1"]

1. d4 d5 2. c4 e6 3. Nc3 Nf6 4. Bg5 Nbd7 5. e3 h6 6. Bh4 Be7 7. cxd5 Nxd5 8. Bxe7 Qxe7 9. Nxd5 exd5 10. Bd3 0-0 11. Ne2 Nf6 12. Qc2 c6 13. 0-0 Ne4 14. b4 Bd7 15. Rab1 Rac8 16. Bxe4 Qxe4 17. Qa4 Ra8 18. Qa5 1/2-1/2

[Event "Edinburgh op"]
[Site "Edinburgh"]
[Date "1989.??.??"]
[Round "7"]
[White "Dunnington, Angus J"]
[Black "Thomson, Craig SM"]
[Result "1-0"]
[WhiteElo "2280"]
[BlackElo "2345"]
[PlyCount "51"]
[EventDate "1989.03.24"]
[EventType "swiss"]
[EventRounds "9"]
[EventCountry "SCO"]
[SourceTitle "EXT 2003"]
[Source "ChessBase"]
[SourceDate "2002.11.25"]
[SourceVersion "1"]
[SourceVersionDate "2002.11.25"]
[SourceQuality "1"]

1. d4 Nf6 2. Nf3 c5 3. e3 cxd4 4. exd4 d5 5. c3 Nc6 6. Bf4 Bf5 7. Nbd2 e6 8. Qb3 Qc8 9. h3 h6 10. Be2 Be7 11. Ne5 a6 12. 0-0 0-0 13. Rac1 b5 14. a4 Na5 15. Qd1 Nc4 16. axb5 axb5 17. Qb3 g5 18. Be3 Rb8 19. Bd3 Bxd3 20. Nxd3 Qc7 21. Rce1 Kg7 22. Qd1 Nd6 23. Nc5 Rbe8 24. f4 Nd7 25. fxg5 hxg5 26. Rxf7+ 1-0

[Event "Edinburgh op"]
[Site "Edinburgh"]
[Date "1989.??.??"]
[Round "8"]
[White "Thomson, Craig SM"]
[Black "Holmes, Donald A"]
[Result "0-1"]
[WhiteElo "2345"]
[BlackElo "2315"]
[PlyCount "82"]
[EventDate "1989.03.24"]
[EventType "swiss"]
[EventRounds "9"]
[EventCountry "SCO"]
[SourceTitle "EXT 2003"]
[Source "ChessBase"]
[SourceDate "2002.11.25"]
[SourceVersion "1"]
[SourceVersionDate "2002.11.25"]
[SourceQuality "1"]

1. e4 c5 2. Nf3 e6 3. d3 d5 4. Nbd2 Nc6 5. g3 Bd6 6. Bg2 Nge7 7. 0-0 0-0 8. a3 b6 9. Re1 Bb7 10. h4 Bc7 11. h5 e5 12. h6 g6 13. c3 d4 14. c4 Qd6 15. Nf1 Rae8 16. Nh4 Kh8 17. Nh2 Bc8 18. Bd2 f6 19. f4 f5 20. N2f3 fxe4 21. Rxe4 exf4 22. Bxf4 Qd8 23. Bg5 Bxg3 24. b4 Qd6 25. Qe2 cxb4 26. axb4 Qxb4 27. Rf1 Qc5 28. Re1 Bd7 29. Rxe7 Bxe1 30. Bf6+ Rxf6 31. Rxe8+ Bxe8 32. Qxe8+ Rf8 33. Qxe1 g5 34. Qg3 Rg8 35. Qc7 gxh4 36. Nxh4 Qg5 37. Qxc6 Qxh4 38. Kf1 Rf8+ 39. Kg1 Qf2+ 40. Kh2 Qf4+ 41. Kg1 Qe3+ 0-1

[Event "Olympiad-28"]
[Site "Thessaloniki"]
[Date "1988.11.29"]
[Round "14"]
[White "D'Amore, Carlo"]
[Black "Thomson, Craig SM"]
[Result "1-0"]
[WhiteElo "2415"]
[BlackElo "2340"]
[PlyCount "76"]
[EventDate "1988.11.13"]
[EventType "team-swiss"]
[EventRounds "14"]
[EventCountry "GRE"]
[SourceTitle "TD"]
[Source "ChessBase"]
[SourceDate "1994.03.01"]
[SourceVersion "1"]
[SourceVersionDate "1994.03.01"]
[SourceQuality "1"]
[WhiteTeam "Italy"]
[BlackTeam "Scotland"]
[WhiteTeamCountry "ITA"]
[BlackTeamCountry "SCO"]

1. Nf3 Nf6 2. c4 e6 3. g3 d5 4. Bg2 dxc4 5. Qa4+ Nbd7 6. Qxc4 c5 7. 0-0 a6 8. Qc2 Ra7 9. d4 b5 10. e4 cxd4 11. e5 Rc7 12. Qe2 Nd5 13. Nxd4 Bb7 14. Nd2 Bc5 15. N4f3 Qa8 16. Nb3 Bb6 17. Bd2 0-0 18. Na5 Bxa5 19. Bxa5 N5b6 20. Rad1 Bd5 21. b3 Rfc8 22. Rxd5 Qxd5 23. Ng5 Qc5 24. Qh5 Nf8 25. b4 Qd4 26. Nf3 Qe4 27. Bxb6 Rc1 28. Qxf7+ Kh8 29. Bc5 Rxf1+ 30. Bxf1 Ng6 31. Qxe6 Qc6 32. Qxc6 Rxc6 33. Nd4 Rc8 34. f4 Kg8 35. Bh3 Rd8 36. Be6+ Kh8 37. Bf7 Nf8 38. Bxf8 Rxd4 1-0

[Event "Olympiad-28"]
[Site "Thessaloniki"]
[Date "1988.11.16"]
[Round "4"]
[White "Piket, Jeroen"]
[Black "Thomson, Craig SM"]
[Result "1-0"]
[WhiteElo "2495"]
[BlackElo "2340"]
[PlyCount "79"]
[EventDate "1988.11.13"]
[EventType "team-swiss"]
[EventRounds "14"]
[EventCountry "GRE"]
[SourceTitle "TD"]
[Source "ChessBase"]
[SourceDate "1994.03.01"]
[SourceVersion "1"]
[SourceVersionDate "1994.03.01"]
[SourceQuality "1"]
[WhiteTeam "Netherlands"]
[BlackTeam "Scotland"]
[WhiteTeamCountry "NED"]
[BlackTeamCountry "SCO"]

1. d4 Nf6 2. Nf3 b6 3. c4 e6 4. Nc3 Bb7 5. a3 d5 6. cxd5 Nxd5 7. Qc2 Nxc3 8. bxc3 Be7 9. e4 0-0 10. Bd3 c5 11. 0-0 Qc8 12. Qe2 cxd4 13. cxd4 Ba6 14. Bb2 Bxd3 15. Qxd3 Nd7 16. Nd2 Qb7 17. f4 Rad8 18. Rac1 Nf6 19. f5 e5 20. Qg3 Qb8 21. Rc6 exd4 22. e5 Nh5 23. Qg4 Qxe5 24. Qxh5 Qb5 25. Rc2 g6 26. Qg4 d3 27. fxg6 hxg6 28. Qh3 Bc5+ 29. Kh1 Bd4 30. Bxd4 Rxd4 31. Rc8 Rdd8 32. Rxf7 Kxf7 33. Rc7+ Kf6 34. Qh4+ Ke6 35. Qe1+ Kf5 36. Qe4+ Kg5 37. h4+ Kh6 38. Qe3+ g5 39. Qe6+ Kh5 40. Rh7# 1-0

[Event "SCO-ch"]
[Site "Scotland"]
[Date "1988.??.??"]
[Round "?"]
[White "Thomson, Craig SM"]
[Black "McNab, Colin Anderson"]
[Result "1/2-1/2"]
[WhiteElo "2340"]
[BlackElo "2415"]
[PlyCount "123"]
[EventDate "1988.??.??"]
[EventType "tourn"]
[EventRounds "9"]
[EventCountry "SCO"]
[SourceTitle "TD"]
[Source "ChessBase"]
[SourceDate "1994.03.01"]
[SourceVersion "1"]
[SourceVersionDate "1994.03.01"]
[SourceQuality "1"]

1. d4 d6 2. c4 e5 3. Nf3 Nd7 4. Nc3 g6 5. e4 Bg7 6. Be2 Ngf6 7. d5 Nc5 8. Qc2 a5 9. Bg5 h6 10. Be3 b6 11. Nd2 Ng4 12. Bxg4 Bxg4 13. 0-0 0-0 14. b3 f5 15. f3 Bh5 16. a3 f4 17. Bf2 Na6 18. Rfb1 Bf6 19. Qd1 Bh4 20. Bxh4 Qxh4 21. b4 g5 22. h3 Be8 23. Nb3 a4 24. Nc1 h5 25. Nd3 Bd7 26. Qe1 Qxe1+ 27. Rxe1 Kf7 28. Kf2 Ke7 29. Nb2 Rg8 30. Rh1 Rg7 31. Nbxa4 Bxa4 32. Nxa4 Rag8 33. g4 fxg3+ 34. Kxg3 Rf8 35. Rhf1 Rgf7 36. Rf2 Rf4 37. Raf1 Nb8 38. Nb2 Nd7 39. Nd3 R4f7 40. a4 Nf6 41. Kg2 Ra8 42. Ra1 g4 43. hxg4 hxg4 44. f4 Nxe4 45. Re2 Nc3 46. Re3 Rxa4 47. Rxa4 Nxa4 48. fxe5 dxe5 49. Nxe5 Rg7 50. Nxg4+ Kd7 51. Kf3 Nb2 52. Rc3 Kd6 53. Ne3 Ke5 54. Rb3 Rf7+ 55. Ke2 Nxc4 56. Nxc4+ Kxd5 57. Ne3+ Kc6 58. Nd1 Kb5 59. Kd3 Rd7+ 60. Kc2 c5 61. Nc3+ Kc4 62. bxc5 1/2-1/2

[Event "SCO-ch"]
[Site "Hamilton"]
[Date "1987.??.??"]
[Round "3"]
[White "Findlay, David John"]
[Black "Thomson, Craig SM"]
[Result "0-1"]
[WhiteElo "2245"]
[BlackElo "2320"]
[PlyCount "80"]
[EventDate "1987.07.??"]
[EventType "swiss"]
[EventRounds "9"]
[EventCountry "SCO"]
[SourceTitle "EXT 2002"]
[Source "ChessBase"]
[SourceDate "2001.11.25"]
[SourceVersion "1"]
[SourceVersionDate "2001.11.25"]
[SourceQuality "1"]

1. e4 e6 2. d3 d5 3. Nd2 Nf6 4. Ngf3 b6 5. g3 Bb7 6. Bg2 c5 7. 0-0 Nc6 8. Re1 Be7 9. c3 Qc7 10. a3 a5 11. Nf1 0-0-0 12. e5 Nd7 13. d4 h6 14. b4 g5 15. h3 Rdg8 16. bxc5 bxc5 17. Rb1 h5 18. Qa4 Ba6 19. Ne3 Bd3 20. Rb2 c4 21. Nd2 Nb6 22. Qb5 Bd8 23. a4 Re8 24. Nb3 Na7 25. Qa6+ Qb7 26. Qxb7+ Kxb7 27. Nc5+ Kc8 28. Rb5 Nxb5 29. axb5 Bg6 30. Re2 Be7 31. Ra2 a4 32. Nxa4 Nxa4 33. Rxa4 Kc7 34. Bxd5 exd5 35. Nxd5+ Kb7 36. b6 Ra8 37. Rxc4 Bd8 38. Be3 Ra1+ 39. Kh2 Be4 40. Nf6 Rh1# 0-1

[Event "SCO-ch"]
[Site "Hamilton"]
[Date "1987.??.??"]
[Round "9"]
[White "Mannion, Stephen R"]
[Black "Thomson, Craig SM"]
[Result "1/2-1/2"]
[WhiteElo "2280"]
[BlackElo "2320"]
[PlyCount "20"]
[EventDate "1987.07.??"]
[EventType "swiss"]
[EventRounds "9"]
[EventCountry "SCO"]
[SourceTitle "EXT 2002"]
[Source "ChessBase"]
[SourceDate "2001.11.25"]
[SourceVersion "1"]
[SourceVersionDate "2001.11.25"]
[SourceQuality "1"]

1. e4 c6 2. d4 d5 3. Nd2 dxe4 4. Nxe4 Bf5 5. Ng3 Bg6 6. h4 h6 7. Nf3 Nd7 8. h5 Bh7 9. Bd3 Bxd3 10. Qxd3 Qc7 1/2-1/2

[Event "SCO-ch"]
[Site "Hamilton"]
[Date "1987.??.??"]
[Round "4"]
[White "Thomson, Craig SM"]
[Black "Condie, Mark L"]
[Result "1-0"]
[WhiteElo "2320"]
[BlackElo "2435"]
[PlyCount "81"]
[EventDate "1987.07.??"]
[EventType "swiss"]
[EventRounds "9"]
[EventCountry "SCO"]
[SourceTitle "EXT 2002"]
[Source "ChessBase"]
[SourceDate "2001.11.25"]
[SourceVersion "1"]
[SourceVersionDate "2001.11.25"]
[SourceQuality "1"]

1. d4 d5 2. c4 e6 3. Nc3 c6 4. Nf3 dxc4 5. Bg5 f6 6. Bd2 Nd7 7. e4 Nb6 8. Be3 Bb4 9. Nd2 f5 10. a3 Bxc3 11. bxc3 Nf6 12. Bg5 fxe4 13. Nxe4 0-0 14. Nxf6+ gxf6 15. Bh6 Rf7 16. Be2 Qd5 17. 0-0 Bd7 18. Bh5 Re7 19. Qg4+ Kh8 20. Qh4 Qf5 21. Rae1 Nd5 22. Re3 e5 23. dxe5 Nxe3 24. Bxe3 Rxe5 25. Bg4 Qg6 26. Bxd7 Rg8 27. g3 Rg7 28. Rd1 Rd5 29. Rxd5 cxd5 30. Bh3 Re7 31. Bd4 Re1+ 32. Kg2 Kg7 33. Qf4 Qe4+ 34. Qxe4 dxe4 35. Bxa7 Ra1 36. Bc5 Kg6 37. Be6 b5 38. g4 Ra2 39. Bf5+ Kg5 40. Kg3 h5 41. Be3# 1-0

[Event "SCO-ch"]
[Site "Hamilton"]
[Date "1987.??.??"]
[Round "7"]
[White "Thomson, Craig SM"]
[Black "McKay, Roderick M"]
[Result "1-0"]
[WhiteElo "2320"]
[BlackElo "2395"]
[PlyCount "55"]
[EventDate "1987.07.??"]
[EventType "swiss"]
[EventRounds "9"]
[EventCountry "SCO"]
[SourceTitle "EXT 2002"]
[Source "ChessBase"]
[SourceDate "2001.11.25"]
[SourceVersion "1"]
[SourceVersionDate "2001.11.25"]
[SourceQuality "1"]

1. d4 d5 2. c4 e6 3. Nf3 Nf6 4. Nc3 c6 5. e3 Nbd7 6. Bd3 dxc4 7. Bxc4 b5 8. Bd3 a6 9. e4 c5 10. e5 cxd4 11. Nxb5 Ng4 12. Qa4 Ngxe5 13. Nxe5 Nxe5 14. Nd6+ Ke7 15. Nxc8+ Kf6 16. Bxa6 Nd3+ 17. Ke2 Nb4 18. Qb3 Qd5 19. Qxd5 exd5 20. Bd3 Rxc8 21. a3 Nc6 22. b4 Bd6 23. Bb2 Rhe8+ 24. Kd1 Rb8 25. Rc1 Rec8 26. g3 h6 27. Re1 g5 28. Rxc6 1-0

[Event "SCO-ch"]
[Site "Hamilton"]
[Date "1987.??.??"]
[Round "2"]
[White "Thomson, Craig SM"]
[Black "Motwani, Paul"]
[Result "0-1"]
[WhiteElo "2320"]
[BlackElo "2425"]
[PlyCount "84"]
[EventDate "1987.07.??"]
[EventType "swiss"]
[EventRounds "9"]
[EventCountry "SCO"]
[SourceTitle "EXT 2002"]
[Source "ChessBase"]
[SourceDate "2001.11.25"]
[SourceVersion "1"]
[SourceVersionDate "2001.11.25"]
[SourceQuality "1"]

1. g3 d5 2. Nf3 Nf6 3. Bg2 c6 4. 0-0 Bg4 5. b3 Nbd7 6. Bb2 e6 7. c4 Bd6 8. d4 0-0 9. Ne5 Bf5 10. Nxd7 Qxd7 11. Nc3 Rad8 12. e3 Qe7 13. a4 dxc4 14. e4 Bg4 15. f3 e5 16. fxg4 exd4 17. g5 dxc3 18. gxf6 Qe6 19. Ba3 Bc5+ 20. Bxc5 Rxd1 21. Raxd1 gxf6 22. b4 b6 23. Bd4 c2 24. Rc1 Rd8 25. Bc3 f5 26. Rxc2 fxe4 27. Re2 e3 28. h3 Rd3 29. Bb2 c3 30. Bc1 Rd2 31. Rfe1 Qf5 32. Kh2 Qc2 33. Bf3 Qxa4 34. Kg1 Rxe2 35. Bxe2 Qxb4 36. Bxe3 Kg7 37. Bd3 a5 38. Kh2 a4 39. Bf4 a3 40. Be5+ f6 41. Bf4 a2 42. h4 a1Q 0-1

[Event "SCO-ch"]
[Site "Troon"]
[Date "1986.??.??"]
[Round "9"]
[White "Condie, Mark L"]
[Black "Thomson, Craig SM"]
[Result "1/2-1/2"]
[WhiteElo "2410"]
[BlackElo "2295"]
[PlyCount "84"]
[EventDate "1986.07.??"]
[EventType "swiss"]
[EventRounds "9"]
[EventCountry "SCO"]
[SourceTitle "EXT 2002"]
[Source "ChessBase"]
[SourceDate "2001.11.25"]
[SourceVersion "1"]
[SourceVersionDate "2001.11.25"]
[SourceQuality "1"]

1. Nf3 Nf6 2. c4 e6 3. d4 d5 4. Nc3 c6 5. e3 Nbd7 6. Bd3 dxc4 7. Bxc4 b5 8. Bb3 b4 9. Na4 Ba6 10. Bd2 Be7 11. Rc1 0-0 12. Bc4 Bxc4 13. Rxc4 Nb6 14. Rxc6 Qe8 15. Qc2 Nxa4 16. Qxa4 Rc8 17. Ra6 Qxa4 18. Rxa4 Rc2 19. 0-0 Rxb2 20. Rxa7 Bd6 21. Rc1 Ne4 22. Be1 Nc3 23. Bxc3 bxc3 24. Ra6 Bb4 25. Ne1 c2 26. Nd3 Rb1 27. Rc6 Ba3 28. R6xc2 Bxc1 29. Rxc1 Rxc1+ 30. Nxc1 Rc8 31. Nb3 Rc2 32. g3 Rxa2 33. h4 Kf8 34. Nc5 Ke7 35. Kg2 f6 36. Kf3 Rc2 37. Ne4 Ra2 38. Kg2 Ra5 39. Kf3 e5 40. dxe5 Rxe5 41. Nc3 Rc5 42. Ne2 Rc2 1/2-1/2

[Event "SCO-ch"]
[Site "Troon"]
[Date "1986.??.??"]
[Round "7"]
[White "Mannion, Stephen R"]
[Black "Thomson, Craig SM"]
[Result "1-0"]
[WhiteElo "2260"]
[BlackElo "2295"]
[PlyCount "79"]
[EventDate "1986.07.??"]
[EventType "swiss"]
[EventRounds "9"]
[EventCountry "SCO"]
[SourceTitle "EXT 2002"]
[Source "ChessBase"]
[SourceDate "2001.11.25"]
[SourceVersion "1"]
[SourceVersionDate "2001.11.25"]
[SourceQuality "1"]

1. e4 c5 2. Nf3 Nc6 3. d4 cxd4 4. Nxd4 Nf6 5. Nc3 d6 6. Bg5 e6 7. Qd2 a6 8. f3 Bd7 9. 0-0-0 Be7 10. g4 b5 11. h4 0-0 12. Be3 Nxd4 13. Qxd4 e5 14. Qb6 Qc8 15. Bg5 Rb8 16. Qa7 Rb7 17. Qxa6 Qb8 18. Bxf6 Ra7 19. Qxa7 Qxa7 20. Bxe7 Rc8 21. Bxd6 Qe3+ 22. Kb1 Qxf3 23. Be2 Qf2 24. Bxe5 b4 25. Nd5 Qxe2 26. Ne7+ Kf8 27. Nxc8 Bxc8 28. Bd6+ Ke8 29. Bxb4 Be6 30. Rd4 Qxg4 31. a4 f5 32. a5 fxe4 33. a6 Qf3 34. Re1 e3 35. Rd3 Qe4 36. Rdxe3 Qxb4 37. Rxe6+ Kf7 38. a7 Qa5 39. Re7+ Kf6 40. R1e6+ 1-0

[Event "SCO-ch"]
[Site "Troon"]
[Date "1986.??.??"]
[Round "2"]
[White "Thomson, Craig SM"]
[Black "Burgess, Mark R"]
[Result "1-0"]
[WhiteElo "2295"]
[BlackElo "2335"]
[PlyCount "80"]
[EventDate "1986.07.??"]
[EventType "swiss"]
[EventRounds "9"]
[EventCountry "SCO"]
[SourceTitle "EXT 2002"]
[Source "ChessBase"]
[SourceDate "2001.11.25"]
[SourceVersion "1"]
[SourceVersionDate "2001.11.25"]
[SourceQuality "1"]

1. d4 e6 2. Nf3 Nf6 3. c4 Bb4+ 4. Nc3 Bxc3+ 5. bxc3 d6 6. Nd2 Qe7 7. e4 e5 8. Bd3 Nc6 9. Bb2 0-0 10. 0-0 Re8 11. Re1 Bg4 12. f3 Bc8 13. Nf1 Nh5 14. g3 Qg5 15. Kf2 Ne7 16. Bc1 Qg6 17. g4 Nf6 18. Ne3 h5 19. h3 Nh7 20. Nf5 Ng5 21. h4 Nh3+ 22. Kg3 Nf4 23. Bxf4 exf4+ 24. Kxf4 Qf6 25. g5 Ng6+ 26. Kg3 Qe6 27. f4 Ne7 28. Nxe7+ Qxe7 29. Qxh5 g6 30. Qf3 Kg7 31. Rh1 f5 32. e5 Bd7 33. Rae1 dxe5 34. Rxe5 Qa3 35. Bb1 Qb2 36. Qe3 Kf8 37. h5 Bc6 38. d5 Rxe5 39. fxe5 f4+ 40. Qxf4+ Kg8 1-0

[Event "SCO-ch"]
[Site "Troon"]
[Date "1986.??.??"]
[Round "5"]
[White "Thomson, Craig SM"]
[Black "Motwani, Paul"]
[Result "0-1"]
[WhiteElo "2295"]
[BlackElo "2355"]
[PlyCount "78"]
[EventDate "1986.07.??"]
[EventType "swiss"]
[EventRounds "9"]
[EventCountry "SCO"]
[SourceTitle "EXT 2002"]
[Source "ChessBase"]
[SourceDate "2001.11.25"]
[SourceVersion "1"]
[SourceVersionDate "2001.11.25"]
[SourceQuality "1"]

1. d4 d5 2. c4 dxc4 3. Nf3 Nf6 4. Nc3 c5 5. e4 cxd4 6. Qxd4 Qxd4 7. Nxd4 e5 8. Ndb5 Kd8 9. Be3 Be6 10. Nd5 Bxd5 11. exd5 Bb4+ 12. Nc3 Nbd7 13. Bxc4 Rc8 14. Bb3 Nc5 15. Ke2 Nxb3 16. axb3 Bxc3 17. bxc3 Rxc3 18. Rxa7 Kc7 19. d6+ Kc6 20. b4 Rb8 21. Rd1 Nd5 22. Bc5 Rxc5 23. bxc5 Nc3+ 24. Kd2 Nxd1 25. Kxd1 Kxc5 26. d7 Kc6 27. Ra5 f6 28. Ra3 Rd8 29. Rc3+ Kxd7 30. Rh3 Ke6+ 31. Kc2 h6 32. Rg3 Rd7 33. Ra3 e4 34. Ra8 Kf5 35. Re8 Kf4 36. Kc1 h5 37. Rh8 Rd5 38. h4 Kg4 39. Rg8 Rd7 0-1

[Event "British CF-72 Championship"]
[Site "Edinburgh"]
[Date "1985.08.09"]
[Round "11"]
[White "Ravikumar, Vaidyanathan"]
[Black "Thomson, Craig SM"]
[Result "1-0"]
[WhiteElo "2370"]
[BlackElo "2260"]
[PlyCount "37"]
[EventDate "1985.07.29"]
[EventType "swiss"]
[EventRounds "11"]
[EventCountry "SCO"]
[SourceTitle "EXT 1999"]
[Source "ChessBase"]
[SourceDate "1998.11.16"]
[SourceVersion "1"]
[SourceVersionDate "1998.11.16"]
[SourceQuality "1"]

1. d4 Nf6 2. c4 e6 3. Nc3 Bb4 4. f3 d5 5. a3 Bd6 6. e4 c5 7. cxd5 exd5 8. Bb5+ Nc6 9. exd5 a6 10. Ba4 b5 11. dxc6 cxd4 12. Qe2+ Be7 13. Ne4 Nxe4 14. Qxe4 Qa5+ 15. Bd2 Qxa4 16. c7 0-0 17. Qxe7 Bf5 18. Qc5 Bd3 19. Rc1 1-0

[Event "British CF-72 Championship"]
[Site "Edinburgh"]
[Date "1985.08.07"]
[Round "9"]
[White "Wells, Peter K"]
[Black "Thomson, Craig SM"]
[Result "1/2-1/2"]
[WhiteElo "2365"]
[BlackElo "2260"]
[PlyCount "115"]
[EventDate "1985.07.29"]
[EventType "swiss"]
[EventRounds "11"]
[EventCountry "SCO"]
[SourceTitle "EXT 1999"]
[Source "ChessBase"]
[SourceDate "1998.11.16"]
[SourceVersion "1"]
[SourceVersionDate "1998.11.16"]
[SourceQuality "1"]

1. d4 Nf6 2. Nf3 g6 3. c4 Bg7 4. Nc3 0-0 5. e4 d6 6. Be2 e5 7. 0-0 Nc6 8. d5 Ne7 9. Ne1 Nd7 10. Nd3 f5 11. Bd2 Nf6 12. f3 f4 13. c5 g5 14. Rc1 Ng6 15. cxd6 cxd6 16. Nb5 Ne8 17. a4 Rf7 18. Nf2 Bf8 19. Qb3 h5 20. Rc2 Rg7 21. h3 Nh4 22. Rfc1 a6 23. Nc7 Rxc7 24. Rxc7 Nxc7 25. Ba5 Be7 26. Rxc7 Qe8 27. Qc3 Rb8 28. Bb6 Bd7 29. Ba7 Rc8 30. b3 Ng6 31. Kf1 Nh8 32. Nd3 Nf7 33. Nb2 Rxc7 34. Qxc7 b5 35. Qb7 bxa4 36. bxa4 g4 37. hxg4 hxg4 38. Qxa6 gxf3 39. gxf3 Bh4 40. Bf2 Qe7 41. Qb6 Bg3 42. a5 Qh4 43. Ke1 Qh1+ 44. Kd2 Qa1 45. Bxg3 fxg3 46. a6 g2 47. a7 Bb5 48. Bxb5 Qxb2+ 49. Kd3 Qb1+ 50. Ke2 Qa2+ 51. Kd3 Kg7 52. Qg1 Kf6 53. Bc6 Qa3+ 54. Ke2 Qa2+ 55. Kd3 Qa3+ 56. Kc2 Qa2+ 57. Kc3 Qa3+ 58. Kc2 1/2-1/2

[Event "British CF-72 Championship"]
[Site "Edinburgh"]
[Date "1985.08.03"]
[Round "6"]
[White "Johansen, Darryl Keith"]
[Black "Thomson, Craig SM"]
[Result "1-0"]
[WhiteElo "2425"]
[BlackElo "2260"]
[PlyCount "101"]
[EventDate "1985.07.29"]
[EventType "swiss"]
[EventRounds "11"]
[EventCountry "SCO"]
[SourceTitle "EXT 1999"]
[Source "ChessBase"]
[SourceDate "1998.11.16"]
[SourceVersion "1"]
[SourceVersionDate "1998.11.16"]
[SourceQuality "1"]

1. e4 e6 2. Nf3 d5 3. Nc3 Nf6 4. e5 Nfd7 5. d4 c5 6. dxc5 Nc6 7. Bf4 Bxc5 8. Bd3 f6 9. exf6 Nxf6 10. 0-0 0-0 11. Qe2 Bd7 12. Rae1 Qe7 13. Ne5 Rae8 14. a3 a6 15. Bg3 Nxe5 16. Bxe5 Bc6 17. Kh1 g6 18. Nd1 Nd7 19. Bg3 e5 20. f3 b5 21. c3 e4 22. fxe4 dxe4 23. Bc2 e3 24. Bf4 Qh4 25. Bg3 Qh3 26. b4 Bb6 27. Bd6 Rxf1+ 28. Rxf1 Qxg2+ 29. Qxg2 e2 30. Bb3+ Kh8 31. Re1 exd1Q 32. Rxd1 Bxg2+ 33. Kxg2 Re2+ 34. Kf3 Re3+ 35. Kf4 Kg7 36. Bc7 Re7 37. Bxb6 Nxb6 38. Rd6 Rb7 39. Ke5 Nd7+ 40. Kd5 Rc7 41. Kd4 Ra7 42. a4 Kh6 43. a5 Kg5 44. Be6 Nf6 45. Bc8 Rc7 46. Bxa6 Rc4+ 47. Kd3 Rh4 48. Bxb5 Rxh2 49. a6 Ra2 50. Bc4 Ra1 51. Kc2 1-0

[Event "NED Open-ch15"]
[Site "Dieren"]
[Date "1984.08.09"]
[Round "9"]
[White "Blees, Albert"]
[Black "Thomson, Craig SM"]
[Result "1/2-1/2"]
[WhiteElo "2225"]
[BlackElo "2215"]
[PlyCount "48"]
[EventDate "1984.07.30"]
[EventType "swiss"]
[EventRounds "9"]
[EventCountry "NED"]
[SourceTitle "EXT 2002"]
[Source "ChessBase"]
[SourceDate "2001.11.25"]
[SourceVersion "1"]
[SourceVersionDate "2001.11.25"]
[SourceQuality "1"]

1. d4 e6 2. c4 Nf6 3. Nc3 Bb4 4. e3 b6 5. Nge2 Ne4 6. Qc2 Bb7 7. a3 Bxc3+ 8. Nxc3 Nxc3 9. Qxc3 0-0 10. b4 d6 11. Bb2 Nd7 12. c5 Be4 13. f3 Bg6 14. cxd6 cxd6 15. Ba6 Qh4+ 16. g3 Qh3 17. Kf2 Rad8 18. Rac1 e5 19. Bf1 Qe6 20. e4 Rc8 21. d5 Qe8 22. Qxc8 Qxc8 23. Rxc8 Rxc8 24. Bd3 f5 1/2-1/2

[Event "Oakham School Inv"]
[Site "Oakham"]
[Date "1984.04.17"]
[Round "9.15"]
[White "Ebeling, Mika"]
[Black "Thomson, Craig SM"]
[Result "1/2-1/2"]
[WhiteElo "2295"]
[BlackElo "2215"]
[PlyCount "87"]
[EventDate "1984.04.08"]
[EventType "swiss"]
[EventRounds "9"]
[EventCountry "ENG"]
[SourceTitle "EXT 2024"]
[Source "ChessBase"]
[SourceDate "2023.10.10"]
[SourceVersion "1"]
[SourceVersionDate "2023.10.10"]
[SourceQuality "1"]

1. e4 e6 2. d4 d5 3. Nc3 Bb4 4. e5 c5 5. a3 Bxc3+ 6. bxc3 Ne7 7. a4 Nbc6 8. Nf3 Qa5 9. Bd2 Bd7 10. h4 0-0-0 11. h5 h6 12. Rh4 c4 13. Rf4 Rdf8 14. Nh4 Nd8 15. Qc1 Be8 16. Qa3 Qc7 17. Rg4 Rfg8 18. Be2 g5 19. hxg6 fxg6 20. f4 g5 21. fxg5 Bh5 22. Rg3 Bxe2 23. Kxe2 hxg5 24. Bxg5 Nf7 25. Bf4 Rxg3 26. Bxg3 Ng5 27. Rf1 Qd8 28. Kd1 Ne4 29. Be1 Qe8 30. Kc1 Nc6 31. Kb2 a6 32. Rf3 Kb8 33. g3 Qg8 34. Rf4 Nxg3 35. Bxg3 Qxg3 36. Rf8+ Rxf8 37. Qxf8+ Ka7 38. Qf6 Qe1 39. Nf3 Qd1 40. Qf8 Qf1 41. Qc5+ Ka8 42. Qf8+ Ka7 43. Qf6 Qd1 44. Qf8 1/2-1/2